HISTORIA. DICEMBRE 1970. RIVISTA DI STORIA ILLUSTRATA. (Record n. 327693)

Dettagli MARC
000 -LEADER
fixed length control field 01917nas a2200277Ia 4500
001 - CONTROL NUMBER
control field R900-R9100
003 - CONTROL NUMBER IDENTIFIER
control field IT-CnALBA
008 - FIXED-LENGTH DATA ELEMENTS--GENERAL INFORMATION
fixed length control field 170116c99999999xx |||||||||||| ||und||
040 ## - CATALOGING SOURCE
Original cataloging agency IT-CnALBA
Transcribing agency IT-CnALBA
041 ## - LANGUAGE CODE
Language code of text/sound track or separate title ITALIANO
999 ## - SYSTEM CONTROL NUMBERS (KOHA)
Koha Dewey Subclass [OBSOLETE] NO
100 ## - MAIN ENTRY--PERSONAL NAME
Personal name GREGORIO ORESTE
210 ## - ABBREVIATED TITLE
Abbreviated title HISTORIA
222 ## - KEY TITLE
Key title HISTORIA
245 #0 - TITLE STATEMENT
Title HISTORIA. DICEMBRE 1970. RIVISTA DI STORIA ILLUSTRATA.
250 ## - EDITION STATEMENT
Edition statement 1a ed.
260 ## - PUBLICATION, DISTRIBUTION, ETC. (IMPRINT)
Place of publication, distribution, etc. MILANO
Name of publisher, distributor, etc. DEL DUCA CINO EDITORE
Date of publication, distribution, etc. 1970 [1° Ed.:1970 - Ed.Ling.Originale: 1970]
300 ## - PHYSICAL DESCRIPTION
Extent 164 p.
310 ## - CURRENT PUBLICATION FREQUENCY
Current publication frequency MENSILE
362 ## - DATES OF PUBLICATION AND/OR SEQUENTIAL DESIGNATION
Dates of publication and/or sequential designation Fascicolo: 157 / Anno: 14 (1970)
500 ## - GENERAL NOTE
General note DE GAULLE E LA GRANDE EUROPA. SETTECENTO FRANCESE, IMITAZIONE REGINA, INSERTO. FACCIA SCONOSCIUTA DEL NAZISMO. INDICI ANNATA. INVERNIZZI G. INCIDENTE ALLA FIERA DI MILANO, UCCISI ANCHE DUE INDIZIATI. SARAH BERNHARDT, MOSTRO SACRO DELLA BELLE EPOQUE, CERETTI O. ECHI DI GRECIA E ROMA, PROVENZAL D. DUMAS ANDREA, IL PRIMO MILIONARIO DELLA LETTERATURA. DIZIONARIO BATTAGLIE. ESPANSIONISMO AMERICANO, DAVY CROCKETT, PERSONAGGIO A DUE VOLTI, VINCENTINI L. ARALDICA, ANTICHE FAMIGLIE ITALIANE. TARTINI E IL SUO PATTO COL DEMONIO, EVANGELISTA A. FRANCOBOLLI.
501 ## - WITH NOTE
With note Società San Paolo EM - Piazza San Paolo, 14 - 12051 ALBA (CN) (non commercial uses only) ® Copyright 2017
520 ## - SUMMARY, ETC.
Summary, etc. DE GAULLE E LA GRANDE EUROPA. SETTECENTO FRANCESE, IMITAZIONE REGINA, INSERTO. FACCIA SCONOSCIUTA DEL NAZISMO. INDICI ANNATA. INVERNIZZI G. INCIDENTE ALLA FIERA DI MILANO, UCCISI ANCHE DUE INDIZIATI. SARAH BERNHARDT, MOSTRO SACRO DELLA BELLE EPOQUE, CERETTI O. ECHI DI GRECIA E ROMA, PROVENZAL D. DUMAS ANDREA, IL PRIMO MILIONARIO DELLA LETTERATURA. DIZIONARIO BATTAGLIE. ESPANSIONISMO AMERICANO, DAVY CROCKETT, PERSONAGGIO A DUE VOLTI, VINCENTINI L. ARALDICA, ANTICHE FAMIGLIE ITALIANE. TARTINI E IL SUO PATTO COL DEMONIO, EVANGELISTA A. FRANCOBOLLI.
650 ## - SUBJECT ADDED ENTRY--TOPICAL TERM
Topical term or geographic name as entry element STORIA UNIVERSALE
942 ## - ADDED ENTRY ELEMENTS (KOHA)
Koha item type RIVISTA
957 ## -
-- 1
999 ## - SYSTEM CONTROL NUMBERS (KOHA)
-- 1
Dati di copia
Withdrawn status Lost status Damaged status Not for loan Home library Current library Date acquired Total Checkouts Full call number Date last seen Price effective from Koha item type Public note
    Buone Condizioni Not For Loan ALBA - Biblioteca ALBA - Biblioteca 16/01/2017   R900-R9100 16/01/2017 16/01/2017 RIVISTA (data import: 16 gennaio 2017) - By Epidotti, Vaglietti.
CREDITS: SOCIETA' SAN PAOLO Via A.Severo, 58 - ROMA (RM) & PERIODICI SAN PAOLO SRL Via Giotto, 36 MILANO & CISF Via Giotto, 36 MILANO & EDIZIONI SAN PAOLO SRL,  Piazza Soncino, 5 CINISELLO BALSAMO (MI) -- ITALY